Score 0/69 Timer 15:00
0 Plays Today
Actor/Actress Character % Correct
Sarah Michelle GellarBuffy Anne Summers
93%
David BoreanezLiam
93%
Seth GreenDaniel Osbourne
93%
Alexis DenisofWesley Wyndam-Pryce
92.6%
Alyson HanniganWillow Rosenberg
92.4%
James MarstersSpike
92.4%
Michelle TractenbergDawn Summers
92.2%
Emma CaulfieldAud
92.2%
Julie BenzDarla
92.2%
Juliet LandauDrusilla
92.2%
Eliza DushkuFaith
91.8%
Nicholas BrendanAlexander Harris
91.6%
Anthony Stewart HeadRupert Giles
91.6%
Marc BlucasAgent Riley Finn
91.4%
Charisma CarpenterCordelia Chase
91.2%
Kristine SutherlandJoyce Summers
90%
Mercedes McNabbHarmony
90%
Amber BensonTara Maclay
89.8%
Elizabeth Anne AllenAmy
89.8%
George HertzbergAdam
89.8%
Robia LaMorteJennifer Calendar
89.6%
Bianca LawsonKendra
89.6%
Charlie WebberBen
89.4%
Tom LenkAndrew Wells
89.2%
Adam BuschWarren Meers
89.2%
D.B. WoodsidePrincipal Robin Wood
89%
Amy AckerWinifred Burkle
88.8%
Iyari LimonKennedy
88.6%
Harry GroenerMayor Richard Wilkins III
88.4%
Lindsay CrouseProfessor Maggie Walsh
87.8%
Nathan FillionCaleb
87.8%
Robin SachsEthan Rayne
87.4%
Vincent KartheiserConnor
87.2%
J. August RichardsCharles Gunn
86.8%
Glenn QuinnAlan Francis Doyle
86.6%
Actor/Actress Character % Correct
Clare KramerGlorificus
86.6%
Andy HallettKrevlorneswath of the Deathwak Clan
86.2%
Danny StrongJonathan Levinson
85.2%
Armin ShimermanPrincipal Synder
84%
Leonard RobertsPrivate Forrest Gates
83.2%
Christian KaneLindsey McDonald
83%
Paige MossVeruca
81.2%
Julia LeeAnne
80.2%
Keith SzarabajkaDaniel Holtz
79.2%
Elisabeth RohmDetective Kate Lockley
78.8%
Stephanie RomanovLilah Morgan
78%
Gina TorresJasmine
77%
Bailey ChasePrivate Graham Miller
75.8%
Amy AckerIllyria
75.8%
Sarah HaganAmanda
74.9%
Felicia DayVi
73.7%
Harris YulinQuentin Travers
73.3%
Sarah ThompsonEve
72.7%
Saverio GuerraWilly the Snitch
70.3%
IndigoRona
68.3%
Jason HallDevon
65.9%
Vladmir KulichThe Beast
64.5%
Clara BryantMolly
63.7%
LaLaineChloe
63.7%
Alexa DalvosGwen
61.5%
Amanda FullerEve
60.3%
Daniel Dae KimGavin Parks
59.7%
Kristy WuChao-Ahn
58.9%
Laurell HollomanJustine Cooper
58.7%
Sam AndersonHolland Manners
58.1%
Jenny MollenNina Ash
55.7%
Adam BaldwinMarcus Hamilton
53.7%
Brigid BrannaghVirginia Bryce
49.3%
Matthew JamesMerl
48.5%
Remove Ads.
Support Sporcle.
Get the best of Sporcle when you Go Orange. This ad-free experience offers more features, more stats, and more fun while also helping to support Sporcle. Thank you for becoming a member.

You're not logged in!

Compare scores with friends on all Sporcle quizzes.
OR
Log In

Show Comments

Extras

Top Quizzes Today


Score Distribution

Your Account Isn't Verified!

In order to create a playlist on Sporcle, you need to verify the email address you used during registration. Go to your Sporcle Settings to finish the process.

Report this User

Report this user for behavior that violates our Community Guidelines.

Details: